Statistics for 津山線の駅

Click here to take the quiz!

General Stats

  • This quiz has been taken 3 times
  • The average score is 4 of 47

Answer Stats

Answer% Correct
岡山
100%
津山
100%
備前原
50%
法界院
50%
建部
50%
津山口
50%
马铺营
0%
丰南
0%
唐山
0%
杨家口
0%
唐山东
0%
狼窝铺
0%
沙子河
0%
包官营
0%
迁安
0%
田庄
0%
卢龙
0%
双望
0%
曹东庄
0%
抚宁
0%
榆关
0%
义卜寨
0%
秦皇岛
0%
柳村北
0%
七道桥
0%
北塘
0%
芦台
0%
小原
0%
玉柏
0%
牧山
0%
野々口
0%
金川
0%
福渡
0%
神目
0%
弓削
0%
誕生寺
0%
亀甲
0%
汉沽
0%
佐良山
0%
南仓
0%
天津北
0%
天津
0%
张贵庄
0%
军粮城
0%
塘沽
0%
茶淀
0%
山海关
0%

Score Distribution

Percentile by Number Answered

Percent of People with Each Score

Your Score History

You have not taken this quiz